| 000 | 00440nam a2200181Ia 4500 | ||
|---|---|---|---|
| 008 | 221030s9999 xx 000 0 und d | ||
| 020 | _a007061105X | ||
| 041 | _aEnglish | ||
| 082 | _a105.23 | ||
| 100 | _aW. H. Hayt | ||
| 245 | 0 |
_aEngineering Circuit Analysis (with CD) _cby W. H. Hayt, J. E. Kemmerly |
|
| 250 | _a6th | ||
| 260 |
_bTMH _aNew Delhi _c2007 |
||
| 300 | _a781 | ||
| 650 | _aEE | ||
| 700 | _aJ. E. Kemmerly | ||
| 942 | _cBK | ||
| 999 |
_c5583 _d5583 |
||